000 00729nam a2200289Ia 4500
005 20260324124133.0
008 008 260324s9999 xx 000 0 eng d
020 _a9781315606323
037 _aEBOOK
040 _aCRL
040 _beng
040 _cCRL
041 _2eng
041 _aeng
084 _qCRL
100 _aJoseph J. St. Marie; Shahdad Naghshpour
_91172983
245 0 _aRevolutionary Iran and the United States
245 0 _bLow-intensity Conflict in the Persian Gulf
260 _bTaylor and Francis
260 _c2011
365 _a
365 _b59.99
856 _uhttp://www.taylorfrancis.com/books/9781315606323
942 _cEBOOK
999 _c1767127
_d1767127